SERVICE CHARGES FOR LEASEHOLD , FREEHOLD & COMMONHOLD (Record no. 7806)

MARC details
000 -LEADER
fixed length control field 00432nam a22001697a 4500
005 - DATE AND TIME OF LATEST TRANSACTION
control field 20210904135547.0
008 - FIXED-LENGTH DATA ELEMENTS--GENERAL INFORMATION
fixed length control field 210821b ||||| |||| 00| 0 eng d
020 ## - INTERNATIONAL STANDARD BOOK NUMBER
ISBN 9781845921200
041 ## - LANGUAGE CODE
Language code of text/sound track or separate title eng
082 ## - DEWEY DECIMAL CLASSIFICATION NUMBER
Classification number 346.420
100 ## - MAIN ENTRY--AUTHOR NAME
Personal name SHERRIFF, GERALD
245 ## - TITLE STATEMENT
Title SERVICE CHARGES FOR LEASEHOLD , FREEHOLD & COMMONHOLD
260 ## - PUBLICATION, DISTRIBUTION, ETC. (IMPRINT)
Place of publication U.K.
Name of publisher TOTTEL PUBLISHING
Year of publication 2007
300 ## - PHYSICAL DESCRIPTION
Number of Pages 622;p
650 ## - SUBJECT ADDED ENTRY--TOPICAL TERM
Topical Term LAW
942 ## - ADDED ENTRY ELEMENTS (KOHA)
Koha item type Books
Holdings
Lost status Damaged status Collection code Home library Current library Shelving location Date acquired Source of acquisition Full call number Accession Number Koha item type
    LAW JRU Library JRU Library SHELF-30-E 21/08/2021 PURCESS 346.420 25830 Books